Statistics for NFL Week 13 Standings

Click here to take the quiz!

General Stats

  • This quiz has been taken 9 times
  • The average score is 28 of 32

Answer Stats

Win PercentageStandingsTeam% Correct
0.2082-9-1Bengals
100%
0.7509-3Bills
100%
0.7509-3Browns
100%
0.91711-1Chiefs
100%
0.2923-8-1Eagles
100%
0.4175-7Giants
100%
0.0831-11Jaguars
100%
0.0000-12Jets
100%
0.7509-3Packers
100%
0.5006-6Patriots
100%
0.91711-1Steelers
100%
0.4175-7Washington
100%
0.5837-5Buccaneers
88%
0.2503-9Chargers
88%
0.2503-9Cowboys
88%
0.6678-4Dolphins
88%
0.3334-8Falcons
88%
0.4175-7Lions
88%
0.5837-5Raiders
88%
0.6678-4Rams
88%
0.5837-5Ravens
88%
0.83310-2Saints
88%
0.6678-4Seahawks
88%
0.6678-4Titans
88%
0.4175-749ers
75%
0.3334-8Broncos
75%
0.5006-6Cardinals
75%
0.6678-4Colts
75%
0.3334-8Panthers
75%
0.3334-8Texans
75%
0.5006-6Vikings
75%
0.4175-7Bears
63%

Score Distribution

Percentile by Number Answered

Percent of People with Each Score

Your Score History

You have not taken this quiz